| 000 | 00389pab a2200157 454500 | ||
|---|---|---|---|
| 008 | 180718b2009 xxu||||| |||| 00| 0 eng d | ||
| 100 | _aNoorani, A.G. | ||
| 245 | _aArmed forces (special powers) act: urgency of review | ||
| 260 | _c2009 | ||
| 300 | _ap.8-11. | ||
| 362 | _a22 Aug | ||
| 650 | _aArmed forces | ||
| 773 | _aEconomic and Political Weekly | ||
| 908 | _aN | ||
| 909 | _a83693 | ||
| 999 |
_c83693 _d83693 |
||